01709nam a2200445 i 450000100060000000300080000600500170001400600190003100700150005000800410006502000180010602000270012403500230015103500240017403500250019803500210022304000310024405000230027508000100029808200150030810000180032324501170034126400390045830000580049733600310055533700330058633800430061949000470066258801250070959001590083465000320099365000290102565000260105465000100108065500270109079700190111783000480113685600620118499900170124661620FlNmELB20241217142204.0m o d | cr cnu||||||||170310s2016 sp a o 000 0 spa d z9788491166009 a9788491166016 (e book) a(MiAaPQ)EBC4795200 a(Au-PeEL)EBL4795200 a(CaPaEBR)ebr11335792 a(OCoLC)992012214 aFINmELBbspaerdacFINmELB 4aLB1043bS7131 2016 a37.020 a371.332231 aSora, Carles.10aTemporalidades digitales :banálisis del tiempo en los new media y las narrativas interactivas /cCarles Sora. 1aBarcelona :bEditorial UOC,c2016. a1 recurso en línea (259 páginas) :bilustraciones atextobtxt2rdacontent/spa acomputadorabc2rdamedia/spa arecurso en líneabcr2rdacarrier/spa1 aColección UOCPress ;v45. Comunicación aDescripción basada en recurso en línea; Título de la página del título en PDF (e-libro, visto March 10, 2017). aRecurso electronico. Santa Fe, Arg. : e-libro, 2016. Disponible via World Wide Web. El acceso puede ser limitado para las bibliotecas afiliadas a e-libro. 0aAudio-visual communication. 0aTime in motion pictures. 4aMaterial audiovisual. 4aCine. 4aLibros electrónicos.2 ae-libro, Corp. 0aColección UOCPress ;v45. Comunicación.40uhttps://elibro.net/ereader/politecnicointernacional/58613 c61620d61620